| 000 | 00798nam a22002537a 4500 | ||
|---|---|---|---|
| 008 | 130821s1998 mx gr spa | ||
| 020 | _a9682429870 | ||
| 040 |
_aCo-BoUCM _bspa |
||
| 041 | 0 | 0 | _aspa |
| 060 |
_aWL 103.5 _bA985i 1 ed. _21998 |
||
| 100 |
_aAyres, A. Jean _9152799 |
||
| 245 | 0 | 3 |
_aLa integración sensorial y el niño _cJean A. Ayres |
| 250 | _a1 ed | ||
| 260 |
_aMéxico D.F. (México) _bTrillas _c1998 |
||
| 300 | _a226 páginas | ||
| 650 | 0 | 4 |
_aAutismo en niños _99762 |
| 650 | 0 | 4 |
_aNeurología _920299 |
| 650 | 0 | 4 |
_aNeuropsicología _9308 |
| 650 | 0 | 4 |
_aPediatría _921221 |
| 650 | 0 | 4 |
_aPsicología fisiológica _922839 |
| 650 | 0 | 4 |
_aPsicología _98001 |
| 765 | _tTraducción de : Sensory integration and the child | ||
| 942 |
_cLIBRO _a9 _e1 _mA985I _2NLM _hWL 103.5 _n0 |
||
| 999 |
_c80270 _d80270 |
||